Engineering drawing & design / (Record no. 18428)
[ view plain ]
| 000 -LEADER | |
|---|---|
| fixed length control field | 01036nam a22003017a 4500 |
| 005 - DATE AND TIME OF LATEST TRANSACTION | |
| control field | 20141001143406.0 |
| 008 - FIXED-LENGTH DATA ELEMENTS--GENERAL INFORMATION | |
| fixed length control field | 141001t2008 xxua frd 001 0 eng d |
| 020 ## - INTERNATIONAL STANDARD BOOK NUMBER | |
| International Standard Book Number | 9780071284202 |
| 020 ## - INTERNATIONAL STANDARD BOOK NUMBER | |
| International Standard Book Number | 0071284206 |
| 040 ## - CATALOGING SOURCE | |
| Original cataloging agency | EG-ScBUE |
| 082 00 - DEWEY DECIMAL CLASSIFICATION NUMBER | |
| Edition number | 22 |
| Classification number | 604.2 |
| Item number | JEN |
| 100 1# - MAIN ENTRY--PERSONAL NAME | |
| 9 (RLIN) | 36136 |
| Personal name | Jensen, Cecil Howard, |
| Dates associated with a name | 1925- |
| 245 10 - TITLE STATEMENT | |
| Title | Engineering drawing & design / |
| Statement of responsibility, etc | Cecil Jensen, Jay D. Helsel, Dennis R. Short. |
| 246 3# - VARYING FORM OF TITLE | |
| Title proper/short title | Engineering drawing and design |
| 250 ## - EDITION STATEMENT | |
| Edition statement | 7th ed., |
| Remainder of edition statement | McGraw-Hill international ed. |
| 260 ## - PUBLICATION, DISTRIBUTION, ETC. (IMPRINT) | |
| Place of publication, distribution, etc | New York, United Staes : |
| Name of publisher, distributor, etc | McGraw-Hill Higher Education, |
| Date of publication, distribution, etc | c.2008 |
| Manufacturer | (Acid-Free Paper) |
| 300 ## - PHYSICAL DESCRIPTION | |
| Extent | [Various pagings] : |
| Other physical details | ill. (col.) ; |
| Dimensions | 28 cm. |
| 500 ## - GENERAL NOTE | |
| General note | Includes appendixes<br/> |
| 500 ## - GENERAL NOTE | |
| General note | Includes glossary. |
| 500 ## - GENERAL NOTE | |
| General note | Includes index. |
| 650 #0 - SUBJECT ADDED ENTRY--TOPICAL TERM | |
| 9 (RLIN) | 5793 |
| Topical term or geographic name as entry element | Mechanical drawing |
| 650 #0 - SUBJECT ADDED ENTRY--TOPICAL TERM | |
| 9 (RLIN) | 3587 |
| Topical term or geographic name as entry element | Engineering design |
| 653 ## - INDEX TERM--UNCONTROLLED | |
| Resource For college | Engineering, Mechanical |
| Arrived date list | October2014 |
| 655 ## - INDEX TERM--GENRE/FORM | |
| Form subdivision | |
| -- | 34232 |
| 700 1# - ADDED ENTRY--PERSONAL NAME | |
| 9 (RLIN) | 36137 |
| Personal name | Helsel, Jay D. |
| 700 1# - ADDED ENTRY--PERSONAL NAME | |
| 9 (RLIN) | 36138 |
| Personal name | Short, Dennis R. |
| Titles and other words associated with a name | Professor |
| 942 ## - ADDED ENTRY ELEMENTS (KOHA) | |
| Source of classification or shelving scheme | Dewey Decimal Classification |
| Call number prefix | 604.2 JEN |
| Withdrawn status | Item status | Source of classification or shelving scheme | Damaged status | Not for loan | Vendor | Home library | Current library | Shelving location | Date acquired | Source of acquisition | Cost, normal purchase price | Total Checkouts | Full call number | Barcode | Date last seen | Date last borrowed | Cost, replacement price | Koha item type | Total Renewals |
|---|---|---|---|---|---|---|---|---|---|---|---|---|---|---|---|---|---|---|---|
| Dewey Decimal Classification | Baccah | Central Library | Central Library | First floor | 01/10/2014 | 260.00 | 2 | 604.2 JEN | 000036470 | 15/07/2025 | 27/09/2018 | 325.00 | Book - Borrowing | ||||||
| Dewey Decimal Classification | Baccah | Central Library | Central Library | First floor | 01/10/2014 | 260.00 | 4 | 604.2 JEN | 000036471 | 15/07/2025 | 01/10/2019 | 325.00 | Book - Borrowing | 10 |